000 004300000a22001810004500
003 LK-CoMWRAF
005 20231103031900.0
008 230817t ||||| |||| 00| 0 eng d
040 _aLK-CoMWRAF
_dLK-CoMWRAF
_eLK-CoMWRAF
041 _aeng
082 _a823
_bKRI
100 _aKrishnan, Rajam
245 _aMalargal
260 _aIndia :
_bDhagam,
_c1999
300 _a556p
650 _aEnglish Fiction--Indian
942 _cBK
999 _c1153
_d1153